000 00832nam a2200205 a 4500
001 000403868
003 AM-YeHGA
005 20250618072403.0
008 050119s1927 ai 000 | arm d
040 _aAM-YeHGA
041 0 _aarm
100 0 _aԽնկո Ապեր,
_d1870-1935
245 1 0 _aՄանկակոչ :
_bՄանկական ինտերնացիոնալ : (Ըստ. Յու. Գրալիցա-յի) /
_cԱ. Խնկոյան ; Նկ.՝ Գ. Յեչեիստով , Մ. Արուտչյան.
260 _aՅերևան :
_bՊետհրատի 2-րդ տպ,
_c1927.
300 _a36 էջ :
_bգուն. նկ. ;
_c25 սմ.
650 1 4 _aՄանկական գրականություն
_xՊոեզիա
700 1 _aՅեչեիստով, Գ.
_eնկ.
_4art
700 1 _aԱրուտչյան, Միքայել Ավետի,
_d1897-1961
_4art
_91080
090 _c154686
999 _c153290
_d153290